书目信息 |
| 题名: |
测试技术基础
|
|
| 作者: | 王伯雄 主编 | |
| 分册: | ||
| 出版信息: | 北京 清华大学出版社 2003 |
|
| 页数: | 511页 | |
| 开本: | 26cm | |
| 丛书名: | ||
| 单 册: | ||
| 中图分类: | TN06 | |
| 科图分类: | ||
| 主题词: | 通信技术--测试技术 , 无线电技术--测试技术 , 通信技术--测试装置 , 无线电技术--测试装置 | |
| 电子资源: | ||
| ISBN: | 7-302-06267-6 | |
| 000 | 00632nam0 2200217 450 | |
| 001 | 0735592734 | |
| 005 | 20070906095312.73 | |
| 010 | @a7-302-06267-6@d¥48.00 | |
| 100 | @a20070906d km y0chiy0120 ea | |
| 101 | 0 | @achi |
| 200 | 1 | @a测试技术基础@Ace shi ji shu ji chu@f王伯雄主编@Fwang bo xiong zhu bian |
| 210 | @a北京@c清华大学出版社@d2003 | |
| 215 | @a511页@d26cm | |
| 606 | 0 | @a通信技术@x测试技术 |
| 606 | 0 | @a无线电技术@x测试技术 |
| 606 | 0 | @a通信技术@x测试装置 |
| 606 | 0 | @a无线电技术@x测试装置 |
| 690 | @aTN06@v3 | |
| 701 | 0 | @a王伯雄@Awang bo xiong@4主编 |
| 801 | 0 | @aCN@bPFT@c20070906 |
| 905 | @a213230@dTN06@eP16@f1 | |
| 测试技术基础/王伯雄主编.-北京:清华大学出版社,2003 |
| 511页;26cm |
| ISBN 7-302-06267-6:¥48.00 |
| ● |
| 相关链接 |
|
|
|
|
正题名:测试技术基础
索取号:TN06/P16
 
预约/预借
| 序号 | 登录号 | 条形码 | 馆藏地/架位号 | 状态 | 备注 |
| 1 | 7201707 | 272017079 | 密集书库-物理学院/ [索取号:TN06/P16] | 在馆 |